Tous les perdant de finales de la Coupe du Monde par édition - Statistiques

Statistiques générales
  • Ce quiz a été pris 89 fois
  • Le résultat moyen est 19 sur 22
Statistiques - réponses
Hint Réponse % Correct
2002 Allemagne
100%
1986 Allemagne
100%
1982 Allemagne
100%
1966 Allemagne
100%
1998 Brésil
100%
1950 Brésil
100%
2022 France
100%
2006 France
100%
2014 Argentine
97%
1990 Argentine
97%
1930 Argentine
97%
2018 Croatie
97%
1994 Italie
92%
1970 Italie
92%
2010 Pays Bas
92%
1978 Pays Bas
92%
1974 Pays Bas
92%
1958 Suede
71%
1954 Hongrie
49%
1938 Hongrie
49%
1962 Tchécoslovaquie
47%
1934 Tchécoslovaquie
47%
Aucun quiz correspondant
Distribution des résultats
% des personnes avec chaque résultat
Percentile par nombre de réponses
Votre historique - résultats
Vous n’avez pas pris ce quiz